000 00768nam a22002177a 4500
999 _c238
_d238
003 AR-CdUCM
008 190222b ||||| |||| 00| 0 spa d
040 _aMUNICIPALIDAD PROVINCIAL DEL CUSCO
_cBIBLIOTECA MUNICIPAL DEL CUSCO
082 _a808.81 /
_bC13
100 _aCaballero Hurtado, Dora
_91039
245 _aPara decir Perú /
260 _aLima :
_bLluvia Editores,
_c1994.
300 _a44 paginas ;
_c20 cm.
505 _aLa sangre y la amistad -- Canto del jilguero -- Recua de llamas -- Pequeños cristos -- La semilla y la tierra -- Mamá dolores -- Al hijo mio ...
650 _aPoemas Peruanos
_91040
650 _aPoemario
_91041
650 _aAmistad
_91042
650 _aSolidaridad
_91043
942 _2ddc
_cLIBROS
945 _aacv
_d2019-02-22